[Event "Voronezh op 16th"]
[Site "Voronezh"]
[Date "2012.06.18"]
[Round "6"]
[White "Papp, Petra"]
[Black "Khalukov, Yury"]
[Result "1-0"]
[WhiteElo "2292"]
[BlackElo "2192"]
[PlyCount "67"]
[EventDate "2012.06.12"]
[EventType "swiss"]
[EventRounds "9"]
[EventCountry "RUS"]
[SourceTitle "CBM 149 Extra"]
[Source "ChessBase"]
[SourceDate "2012.08.24"]
[SourceVersion "1"]
[SourceVersionDate "2012.08.24"]
[SourceQuality "1"]

1. e4 c5 2. Nf3 d6 3. d4 cxd4 4. Nxd4 Nf6 5. Nc3 Nc6 6. Bg5 e6 7. Qd2 a6 8. 0-0-0 Bd7 9. f3 h6 10. Be3 b5 11. Nxc6 Bxc6 12. Ne2 Qc7 13. Nd4 Bb7 14. Kb1 Rc8 15. g4 e5 16. Nf5 d5 17. exd5 Nxd5 18. Bd3 g6 19. Ng3 Bg7 20. Be4 Nxe3 21. Qxe3 Bxe4 22. Qxe4 0-0 23. h4 Qa5 24. h5 Rc4 25. Qd5 e4 26. Nxe4 Bxb2 27. Kxb2 Rfc8 28. Rh2 Qb4+ 29. Ka1 Rxe4 30. Qxe4 Qc3+ 31. Kb1 Rc4 32. Qe8+ Kg7 33. a3 Rc8 34. Qd7 1-0

[Event "Voronezh op-A 15th"]
[Site "Voronezh"]
[Date "2011.06.20"]
[Round "8"]
[White "Derbenev, Andrey"]
[Black "Khalukov, Yury"]
[Result "1-0"]
[WhiteElo "2335"]
[BlackElo "2223"]
[PlyCount "67"]
[EventDate "2011.06.12"]
[EventType "swiss"]
[EventRounds "9"]
[EventCountry "RUS"]
[SourceTitle "CBM 143 Extra"]
[Source "ChessBase"]
[SourceDate "2011.08.29"]
[SourceVersion "1"]
[SourceVersionDate "2011.08.29"]
[SourceQuality "1"]

1. d4 Nf6 2. c4 g6 3. Nc3 Bg7 4. e4 d6 5. Nf3 0-0 6. Be2 Na6 7. Be3 e5 8. d5 Ng4 9. Bg5 f6 10. Bh4 Nh6 11. Nd2 Qe8 12. f3 f5 13. a3 Bf6 14. Bf2 Qe7 15. b4 Bd7 16. c5 Nb8 17. Rc1 Bh4 18. g3 Bg5 19. h4 Bxd2+ 20. Qxd2 Kg7 21. h5 Nf7 22. hxg6 hxg6 23. exf5 gxf5 24. g4 Rh8 25. Rxh8 Nxh8 26. c6 bxc6 27. dxc6 Nxc6 28. Nd5 Qf7 29. Qg5+ Qg6 30. Qxg6+ Nxg6 31. b5 Nce7 32. Nxe7 Nxe7 33. Rxc7 Rd8 34. Bh4 1-0

[Event "Central FO-ch"]
[Site "Gagarin"]
[Date "2009.05.06"]
[Round "8"]
[White "Benza, Artem"]
[Black "Khalukov, Yury"]
[Result "1-0"]
[WhiteElo "2272"]
[BlackElo "2276"]
[PlyCount "85"]
[EventDate "2009.05.01"]
[EventType "swiss"]
[EventRounds "9"]
[EventCountry "RUS"]
[SourceTitle "CBM 130 Extra"]
[Source "ChessBase"]
[SourceDate "2009.07.02"]
[SourceVersion "2"]
[SourceVersionDate "2009.07.15"]
[SourceQuality "1"]

1. e4 c5 2. Nf3 d6 3. d4 cxd4 4. Nxd4 Nf6 5. Nc3 Nc6 6. Bc4 e6 7. Be3 Be7 8. Bb3 a6 9. Qe2 Qc7 10. 0-0-0 0-0 11. Rhg1 Nxd4 12. Rxd4 Nd7 13. g4 b5 14. g5 Bb7 15. f4 Nc5 16. f5 Rfc8 17. fxe6 Nxb3+ 18. axb3 fxe6 19. Qg4 e5 20. Rd2 b4 21. Na4 Rf8 22. Qe6+ Rf7 23. Rf1 Raf8 24. Nb6 Bxe4 25. Nd7 Qxd7 26. Qxd7 Rxf1+ 27. Rd1 R1f7 28. Qe6 g6 29. c3 a5 30. h4 Kg7 31. Rxd6 Bxd6 32. Qxd6 Rf5 33. Qc7+ Kh8 34. Bc5 R8f7 35. Be7 Rf1+ 36. Kd2 R1f2+ 37. Ke3 Bc2 38. Bf6+ R2xf6 39. Qxe5 Kg7 40. gxf6+ Rxf6 41. Qxa5 bxc3 42. Qc7+ Kg8 43. bxc3 1-0

[Event "Central FO-ch"]
[Site "Gagarin"]
[Date "2009.05.05"]
[Round "6"]
[White "Abramova, Yulia"]
[Black "Khalukov, Yury"]
[Result "1-0"]
[WhiteElo "1992"]
[BlackElo "2276"]
[PlyCount "59"]
[EventDate "2009.05.01"]
[EventType "swiss"]
[EventRounds "9"]
[EventCountry "RUS"]
[SourceTitle "CBM 130 Extra"]
[Source "ChessBase"]
[SourceDate "2009.07.02"]
[SourceVersion "2"]
[SourceVersionDate "2009.07.15"]
[SourceQuality "1"]

1. e4 d5 2. exd5 Qxd5 3. Nc3 Qd6 4. d4 Nf6 5. Be2 a6 6. Nf3 Nc6 7. 0-0 Bg4 8. h3 Bh5 9. Be3 0-0-0 10. Nd2 Bxe2 11. Nxe2 e5 12. c3 Nd5 13. Nc4 Qe6 14. Qb3 exd4 15. Nxd4 Nxd4 16. Bxd4 b5 17. Ne3 c5 18. Nxd5 Rxd5 19. Rfe1 Qd7 20. Be3 c4 21. Qc2 Bd6 22. a4 Bb8 23. axb5 axb5 24. b3 Re8 25. bxc4 bxc4 26. Qa2 Re6 27. Qxc4+ Rc6 28. Qb3 Rd3 29. Bd4 Rxh3 30. Ra8 1-0

[Event "Central FO-ch"]
[Site "Gagarin"]
[Date "2009.05.01"]
[Round "1"]
[White "Khalukov, Yury"]
[Black "Mikhailov, Sergey"]
[Result "1-0"]
[WhiteElo "2276"]
[BlackElo "2416"]
[PlyCount "105"]
[EventDate "2009.05.01"]
[EventType "swiss"]
[EventRounds "9"]
[EventCountry "RUS"]
[SourceTitle "CBM 130 Extra"]
[Source "ChessBase"]
[SourceDate "2009.07.02"]
[SourceVersion "2"]
[SourceVersionDate "2009.07.15"]
[SourceQuality "1"]

1. e4 e5 2. f4 exf4 3. Nf3 g5 4. d4 g4 5. Bxf4 gxf3 6. Qxf3 d6 7. Nc3 Qh4+ 8. g3 Qg4 9. Qe3 Be6 10. Be2 Qh3 11. d5 Bg4 12. e5 Kd8 13. exd6 Bxd6 14. Bxd6 cxd6 15. Qg5+ Ne7 16. Qxg4 Qxg4 17. Bxg4 h5 18. Be2 Nd7 19. 0-0 Ne5 20. Rf6 Ng8 21. Rf4 Ke7 22. Nb5 Nf6 23. Nxd6 Nxd5 24. Nf5+ Kf8 25. Rd4 Ne7 26. Rf1 N5c6 27. Rh4 Rd8 28. Rxh5 Rxh5 29. Bxh5 Rd5 30. Nxe7 Rxh5 31. Nxc6 bxc6 32. Rf3 Ke7 33. h4 Rd5 34. Rd3 Re5 35. Kf2 Kf6 36. Ra3 Rc5 37. Rc3 Rf5+ 38. Ke2 Re5+ 39. Kd3 Re6 40. Kc4 Re4+ 41. Kc5 Re6 42. b4 Re4 43. a4 Rg4 44. a5 Ke7 45. Rd3 Ke6 46. c4 Ke7 47. b5 cxb5 48. cxb5 Ra4 49. a6 Ra1 50. Kc6 Rc1+ 51. Kb7 Rc5 52. b6 axb6 53. a7 1-0

[Event "Lipetsk King's Gambit-B"]
[Site "Lipetsk"]
[Date "2008.07.19"]
[Round "11"]
[White "Khalukov, Yury"]
[Black "Bazarov, Konstantin"]
[Result "1/2-1/2"]
[WhiteElo "2309"]
[BlackElo "2234"]
[PlyCount "42"]
[EventDate "2008.07.09"]
[EventType "tourn"]
[EventRounds "11"]
[EventCountry "RUS"]
[EventCategory "2"]
[SourceTitle "CBM 125 Extra"]
[Source "ChessBase"]
[SourceDate "2008.09.01"]
[SourceVersion "1"]
[SourceVersionDate "2008.09.01"]
[SourceQuality "1"]

1. e4 e5 2. Nf3 Nc6 3. d4 exd4 4. Bc4 Nf6 5. 0-0 Bc5 6. e5 d5 7. exf6 dxc4 8. fxg7 Rg8 9. Re1+ Be6 10. Bh6 Qd5 11. Nc3 Qf5 12. Ne4 0-0-0 13. Nxc5 Qxc5 14. Ng5 Qf5 15. Qf3 Qg6 16. Nxe6 fxe6 17. Qh3 Rde8 18. g3 Kb8 19. b3 c3 20. Re2 e5 21. Rae1 a6 1/2-1/2

[Event "Lipetsk King's Gambit-B"]
[Site "Lipetsk"]
[Date "2008.07.09"]
[Round "1"]
[White "Kovalenko, Igor"]
[Black "Khalukov, Yury"]
[Result "1-0"]
[WhiteElo "2415"]
[BlackElo "2309"]
[PlyCount "55"]
[EventDate "2008.07.09"]
[EventType "tourn"]
[EventRounds "11"]
[EventCountry "RUS"]
[EventCategory "2"]
[SourceTitle "CBM 125 Extra"]
[Source "ChessBase"]
[SourceDate "2008.09.01"]
[SourceVersion "1"]
[SourceVersionDate "2008.09.01"]
[SourceQuality "1"]

1. d4 c5 2. d5 Nf6 3. c4 g6 4. Nc3 Bg7 5. e4 d6 6. Bd3 0-0 7. Nge2 e6 8. 0-0 exd5 9. exd5 Re8 10. h3 Nbd7 11. f4 Nh5 12. g4 Nhf6 13. Ng3 h6 14. Kg2 a6 15. a4 b6 16. Ra3 Ra7 17. g5 hxg5 18. fxg5 Nh7 19. Rxf7 Kxf7 20. Bxg6+ Kg8 21. Qh5 Nhf6 22. gxf6 Nxf6 23. Qh4 Re5 24. Bf4 Qe7 25. Bxe5 Qxe5 26. Rb3 Bf8 27. Nce4 Bg7 28. Rf3 1-0

[Event "RUS-chT2"]
[Site "Sochi"]
[Date "2007.05.03"]
[Round "1"]
[White "Chadaev, Nikolay"]
[Black "Khalukov, Yury"]
[Result "1/2-1/2"]
[WhiteElo "2486"]
[BlackElo "2398"]
[PlyCount "115"]
[EventDate "2007.05.03"]
[EventType "team"]
[EventRounds "9"]
[EventCountry "RUS"]
[SourceTitle "CBM 118 Extra"]
[Source "ChessBase"]
[SourceDate "2007.07.04"]
[SourceVersion "1"]
[SourceVersionDate "2007.07.04"]
[SourceQuality "1"]

1. e4 c5 2. Nf3 Nc6 3. Bb5 d6 4. 0-0 Bd7 5. Re1 Nf6 6. c3 a6 7. Bf1 Bg4 8. d3 e6 9. Nbd2 Be7 10. h3 Bh5 11. Qc2 0-0 12. g3 b5 13. Bg2 Rc8 14. Nh2 Bg6 15. f4 Nd7 16. Ndf1 f6 17. Ne3 Nb6 18. f5 exf5 19. Nxf5 Bxf5 20. exf5 d5 21. a4 bxa4 22. Bf4 Bd6 23. Qe2 Bxf4 24. gxf4 Re8 25. Qh5 Qd7 26. Ng4 Re7 27. Kh1 Rce8 28. Rg1 Kh8 29. Bf3 Qd6 30. Raf1 Qxf4 31. Bxd5 Qc7 32. Bg2 Ne5 33. Nxe5 Rxe5 34. d4 Re2 35. dxc5 Qxc5 36. Rd1 Qe5 37. Qg4 Rxb2 38. Rd4 Re2 39. c4 Re1 40. Bf1 Qc7 41. c5 Nc8 42. Rxa4 R8e7 43. Rc4 a5 44. Qf3 R1e3 45. Qg2 Na7 46. Qf2 Qc6+ 47. Kh2 Rf3 48. Qd4 Rd7 49. Qg4 Rd2+ 50. Bg2 Rff2 51. Kh1 h6 52. Qxg7+ Kxg7 53. Bxc6+ Kf8 54. Bg2 Nc6 55. Rcc1 a4 56. Rcf1 Rfe2 57. Re1 Rf2 58. Ref1 1/2-1/2

[Event "Dnipropetrovsk Sinitsin Memorial"]
[Site "Dnipropetrovsk"]
[Date "2007.04.??"]
[Round "6"]
[White "Khalukov, Yury"]
[Black "Kovalenko, Igor"]
[Result "0-1"]
[WhiteElo "2297"]
[BlackElo "2359"]
[PlyCount "94"]
[EventDate "2007.04.??"]
[EventType "tourn"]
[EventRounds "11"]
[EventCountry "UKR"]
[EventCategory "2"]
[SourceTitle "EXT 2010"]
[Source "ChessBase"]
[SourceDate "2010.11.25"]
[SourceVersion "1"]
[SourceVersionDate "2010.11.25"]
[SourceQuality "1"]

1. e4 c5 2. c3 d5 3. exd5 Qxd5 4. d4 Nf6 5. Nf3 g6 6. Be3 cxd4 7. cxd4 Bg7 8. Nc3 Qd6 9. Rc1 Na6 10. Qa4+ Bd7 11. Nb5 Qb6 12. Ne5 0-0 13. Be2 Bf5 14. Qb3 Be4 15. 0-0 Bd5 16. Qa3 Rfc8 17. Bg5 h6 18. Bxf6 exf6 19. Ng4 Rd8 20. Rfd1 Bc6 21. Qb3 f5 22. Ne5 Bxe5 23. dxe5 Nc5 24. Qc4 Ne4 25. Nd4 Qxb2 26. Nxc6 bxc6 27. e6 Qb6 28. exf7+ Kg7 29. Rf1 Rd2 30. Rb1 Nd6 31. f8Q+ Kxf8 32. Qh4 Qd4 33. Qxh6+ Kf7 34. Bc4+ Kf6 35. h4 Nxc4 36. Rb7 Nd6 37. Qg7+ Ke6 38. Qxg6+ Kd5 39. Rd7 Kc5 40. Rc1+ Kb6 41. Qg3 Rd3 42. Qg5 Qb2 43. Qf4 Rd4 44. Qh6 Rh8 45. Qxh8 Qxc1+ 46. Kh2 Qf4+ 47. Kh3 Qg4+ 0-1

[Event "Dnipropetrovsk Sinitsin Memorial"]
[Site "Dnipropetrovsk"]
[Date "2007.04.??"]
[Round "8"]
[White "Khalukov, Yury"]
[Black "Kravchenko, Oles"]
[Result "0-1"]
[WhiteElo "2297"]
[BlackElo "2189"]
[PlyCount "64"]
[EventDate "2007.04.??"]
[EventType "tourn"]
[EventRounds "11"]
[EventCountry "UKR"]
[EventCategory "2"]
[SourceTitle "EXT 2010"]
[Source "ChessBase"]
[SourceDate "2010.11.25"]
[SourceVersion "1"]
[SourceVersionDate "2010.11.25"]
[SourceQuality "1"]

1. e4 d6 2. d4 Nf6 3. Nc3 g6 4. Bg5 Bg7 5. f4 0-0 6. Nf3 d5 7. Bxf6 exf6 8. Nxd5 f5 9. Nc3 fxe4 10. Nxe4 Re8 11. Ne5 Bf5 12. Ng5 Qe7 13. Be2 Bxe5 14. dxe5 h6 15. Nf3 Qb4+ 16. Qd2 Qxb2 17. 0-0 Nc6 18. Rab1 Qa3 19. Rxb7 Red8 20. Qe1 Qe3+ 21. Qf2 Qxf4 22. g3 Qe4 23. Bd3 Qg4 24. Rxc7 Rac8 25. Rxc8 Bxc8 26. Ng5 Qxg5 27. Qxf7+ Kh8 28. Bxg6 Qe7 29. Qf4 Qg7 30. Bh5 Bh3 31. Re1 Rf8 32. Qe3 Nxe5 0-1

[Event "Dnipropetrovsk Sinitsin Memorial"]
[Site "Dnipropetrovsk"]
[Date "2007.04.??"]
[Round "10"]
[White "Khalukov, Yury"]
[Black "Volodin, Aleksandr"]
[Result "1-0"]
[WhiteElo "2297"]
[BlackElo "2354"]
[PlyCount "63"]
[EventDate "2007.04.??"]
[EventType "tourn"]
[EventRounds "11"]
[EventCountry "UKR"]
[EventCategory "2"]
[SourceTitle "EXT 2010"]
[Source "ChessBase"]
[SourceDate "2010.11.25"]
[SourceVersion "1"]
[SourceVersionDate "2010.11.25"]
[SourceQuality "1"]

1. e4 c5 2. Nf3 e6 3. c3 Nf6 4. e5 Nd5 5. d4 cxd4 6. cxd4 b6 7. Nc3 Nxc3 8. bxc3 Qc7 9. Bd2 Bb7 10. Bd3 d6 11. 0-0 Nd7 12. Ng5 dxe5 13. Qh5 g6 14. Qh3 Be7 15. Rfe1 e4 16. Nxe4 0-0 17. Qh6 Qc6 18. f3 Rfc8 19. Ng5 Nf8 20. Re5 Bxg5 21. Bxg5 Nd7 22. Bb5 Qxc3 23. Rd1 Bc6 24. Re4 f6 25. Rc1 Qxc1+ 26. Bxc1 Bxb5 27. Ba3 Bd3 28. Re3 Ba6 29. f4 f5 30. d5 e5 31. fxe5 Nxe5 32. Bb2 1-0

[Event "RUS Central Region-ch"]
[Site "Tula "]
[Date "2007.03.25"]
[Round "9"]
[White "Okrugin, Sergey"]
[Black "Khalukov, Yury"]
[Result "1/2-1/2"]
[WhiteElo "2350"]
[BlackElo "2297"]
[PlyCount "54"]
[EventDate "2007.03.17"]
[EventType "swiss"]
[EventRounds "9"]
[EventCountry "RUS"]
[SourceTitle "EXT 2008"]
[Source "ChessBase"]
[SourceDate "2007.11.25"]
[SourceVersion "1"]
[SourceVersionDate "2007.11.25"]
[SourceQuality "1"]

1. e4 d5 2. exd5 Nf6 3. d4 Bg4 4. Be2 Bxe2 5. Nxe2 Qxd5 6. 0-0 Nc6 7. Qd3 0-0-0 8. c4 Qd7 9. Rd1 e5 10. d5 e4 11. Qb3 Ne5 12. Bf4 Nd3 13. Nbc3 Nxf4 14. Nxf4 Qf5 15. Nce2 Bc5 16. Qb5 Bd6 17. Nh3 Ng4 18. Ng3 Bxg3 19. hxg3 Rd6 20. Qc5 Rh6 21. Qxa7 Rxh3 22. gxh3 e3 23. Qa8+ Kd7 24. Qa4+ b5 25. Qxb5+ Kd8 26. Qb8+ Kd7 27. Qb5+ Kd8 1/2-1/2

[Event "RUS Central Region-ch"]
[Site "Tula "]
[Date "2007.03.23"]
[Round "7"]
[White "Khalukov, Yury"]
[Black "Kosov, Ivan"]
[Result "0-1"]
[WhiteElo "2297"]
[BlackElo "2354"]
[PlyCount "74"]
[EventDate "2007.03.17"]
[EventType "swiss"]
[EventRounds "9"]
[EventCountry "RUS"]
[SourceTitle "EXT 2008"]
[Source "ChessBase"]
[SourceDate "2007.11.25"]
[SourceVersion "1"]
[SourceVersionDate "2007.11.25"]
[SourceQuality "1"]

1. e4 c5 2. Nf3 e6 3. c3 Nf6 4. e5 Nd5 5. d4 cxd4 6. cxd4 d6 7. Bc4 Nc6 8. 0-0 Be7 9. Qe2 0-0 10. Re1 a6 11. Nc3 dxe5 12. dxe5 Nxc3 13. bxc3 Qa5 14. Bd3 Rd8 15. Ng5 g6 16. Qf3 Rf8 17. Qh3 h5 18. Bc2 Nxe5 19. Ne4 Ng4 20. Qg3 Qf5 21. h3 Nf6 22. Bh6 Rd8 23. Re3 Nxe4 24. Bxe4 h4 25. Qc7 Qc5 26. Qf4 e5 27. Qf3 Qd6 28. Rae1 Qf6 29. Qe2 Kh7 30. Qh5 Kg8 31. Qe2 Kh7 32. Qh5 Kg8 33. Qf3 Qh8 34. Bxg6 Qxh6 35. Bxf7+ Kh8 36. Rxe5 Bf6 37. Qh5 Kg7 0-1

[Event "Central FR-chT"]
[Site "Verkhnedneprovsk"]
[Date "2006.12.06"]
[Round "7"]
[White "Khalukov, Yury"]
[Black "Fakhretdinova, Margarita"]
[Result "1/2-1/2"]
[WhiteElo "2297"]
[BlackElo "2161"]
[PlyCount "92"]
[EventDate "2006.11.30"]
[EventType "team-tourn"]
[EventRounds "7"]
[EventCountry "RUS"]
[SourceTitle "EXT 2019"]
[Source "ChessBase"]
[SourceDate "2018.10.10"]
[SourceVersion "1"]
[SourceVersionDate "2018.10.10"]
[SourceQuality "1"]

1. e4 e5 2. Bc4 Nc6 3. Nc3 Nf6 4. d3 Be7 5. f4 exf4 6. Bxf4 d6 7. Nf3 0-0 8. Qd2 Na5 9. Bb3 Nxb3 10. axb3 c6 11. 0-0 d5 12. e5 Nd7 13. Rae1 Nc5 14. Bg5 Ne6 15. Bxe7 Qxe7 16. Ne2 b6 17. Ng3 a5 18. Nf5 Qc5+ 19. d4 Qb4 20. Qxb4 axb4 21. Ne7+ Kh8 22. Nxc6 Bb7 23. Nxb4 g5 24. c3 Kg7 25. h4 h6 26. Re3 Ra5 27. hxg5 hxg5 28. Nh2 Rb5 29. Rg3 Rh8 30. Nf3 Rh5 31. Ra1 Ra5 32. Rxa5 bxa5 33. Nd3 Kg6 34. Nc5 Nxc5 35. dxc5 Kf5 36. c6 Bc8 37. c7 g4 38. Nd4+ Kf4 39. Rd3 Kxe5 40. Nb5 Ke6 41. c4 Rg5 42. Rxd5 Rxd5 43. cxd5+ Kd7 44. d6 Ba6 45. Na7 g3 46. Kh1 Bb7 1/2-1/2

[Event "Azov Ivanov Memorial-B"]
[Site "Azov"]
[Date "2006.12.??"]
[Round "2"]
[White "Khalukov, Yury"]
[Black "Komissarenko, Dmitry"]
[Result "1-0"]
[WhiteElo "2297"]
[BlackElo "2243"]
[PlyCount "49"]
[EventDate "2006.12.10"]
[EventType "tourn"]
[EventRounds "17"]
[EventCountry "RUS"]
[SourceTitle "EXT 2019"]
[Source "ChessBase"]
[SourceDate "2018.10.10"]
[SourceVersion "1"]
[SourceVersionDate "2018.10.10"]
[SourceQuality "1"]

1. c4 e6 2. Nf3 Nf6 3. g3 d5 4. Bg2 Be7 5. 0-0 0-0 6. d4 Nc6 7. b3 Re8 8. Bb2 Ne4 9. Nbd2 f5 10. e3 Nb4 11. Ne5 Bf6 12. Ndf3 c5 13. Qe2 Bd7 14. dxc5 Nxc5 15. Rfd1 Qc7 16. cxd5 Nxd5 17. Rac1 Rac8 18. b4 Ba4 19. Rd4 Bxe5 20. Nxe5 Nxb4 21. Rxb4 Qa5 22. Rbc4 b6 23. Qh5 Qd2 24. Qf7+ Kh8 25. Ng6+ 1-0